Համառօտ բնական պատմութիւն : (Record no. 534265)
[ view plain ]
| 000 -LEADER | |
|---|---|
| fixed length control field | 01747nam a2200277 a 4500 |
| 003 - CONTROL NUMBER IDENTIFIER | |
| control field | AM-YeHGA |
| 005 - DATE AND TIME OF LATEST TRANSACTION | |
| control field | 20250618080213.0 |
| 008 - FIXED-LENGTH DATA ELEMENTS--GENERAL INFORMATION | |
| fixed length control field | 250411s1888 tu a|||dr|||||00||0|arm|d |
| 040 ## - CATALOGING SOURCE | |
| Original cataloging agency | AM-YeHGA |
| 041 0# - LANGUAGE CODE | |
| Language code of text/sound track or separate title | arm |
| 001 - CONTROL NUMBER | |
| control field | 2014671 |
| 090 ## - LOCALLY ASSIGNED LC-TYPE CALL NUMBER (OCLC); LOCAL CALL NUMBER (RLIN) | |
| -- | 573737 |
| 100 1# - MAIN ENTRY--PERSONAL NAME | |
| Personal name | Տաղավարյան, Նազարեթ Նահապետի, |
| Dates associated with a name | 1862-1915 |
| 9 (RLIN) | 806 |
| 245 10 - TITLE STATEMENT | |
| Title | Համառօտ բնական պատմութիւն : |
| Remainder of title | ի պետս ազգ նախակրթարանաց / |
| Statement of responsibility, etc. | Աշխատասիր.՝ Ն. Տաղաւարեան. |
| 260 ## - PUBLICATION, DISTRIBUTION, ETC. | |
| Place of publication, distribution, etc. | Կ. Պոլիս : |
| Name of publisher, distributor, etc. | տպ. Նշան Կ. Պէրպէրեան, |
| Date of publication, distribution, etc. | 1888․ |
| 300 ## - PHYSICAL DESCRIPTION | |
| Extent | (2 գիրք մեկ կազմի մեջ) ; հատոր |
| 500 ## - GENERAL NOTE | |
| General note | Տիտղոսաթերթին հավելյալ տեղեկություն հեղինակի մասին՝ «Ճարտարապետ - երկրագործ նախկին աշակերտ Փարիզու Երկրագործական Համալսարանին» |
| 501 ## - WITH NOTE | |
| With note | Մեկ կազմի մեջ՝ Բնական պատմութիւն: ի պէտս ազգ․ երկրորդական վարժարանաց ; Հ․ Ա / Ն. Տաղաւարեան։ Կ. Պոլիս։ տպ. Նշան Կ. Պէրպէրեան։ 1886․ |
| 505 10 - FORMATTED CONTENTS NOTE | |
| Miscellaneous information | Հ. Ա (1888, 350 էջ : նկար) : |
| Title | Կենդանային հիւսուածաբանութիւն եւ մարդկային կազմախօսութիւն ու բնախօսութիւն |
| 650 14 - SUBJECT ADDED ENTRY--TOPICAL TERM | |
| Topical term or geographic name entry element | Մարդու անատոմիա |
| General subdivision | Հյուսվածքաբանություն |
| 651 04 - SUBJECT ADDED ENTRY--GEOGRAPHIC NAME | |
| Geographic name | Ստամբուլ |
| 9 (RLIN) | 5934 |
| 651 04 - SUBJECT ADDED ENTRY--GEOGRAPHIC NAME | |
| Geographic name | Թուրքիա |
| 700 1# - ADDED ENTRY--PERSONAL NAME | |
| Personal name | Տաղավարյան, Նազարեթ Նահապետի, |
| Dates associated with a name | 1862-1915 |
| 9 (RLIN) | 806 |
| 740 02 - ADDED ENTRY--UNCONTROLLED RELATED/ANALYTICAL TITLE | |
| Uncontrolled related/analytical title | Բնական պատմութիւն |
| Medium | ի պէտս ազգ․ երկրորդական վարժարանաց |
| Number of part/section of a work | Հ․ Ա |
| 942 ## - ADDED ENTRY ELEMENTS (KOHA) | |
| Source of classification or shelving scheme | Universal Decimal Classification |
| Koha item type | Գրքեր / Books |
| Withdrawn status | Lost status | Source of classification or shelving scheme | Damaged status | Not for loan | Collection | Home library | Current library | Date acquired | Serial enumeration / chronology | Inventory number | Total checkouts | Full call number | Barcode | Date last seen | Price effective from | Koha item type | Public note |
|---|---|---|---|---|---|---|---|---|---|---|---|---|---|---|---|---|---|
| Universal Decimal Classification | Zhamkochyan Individual collection | Fundamental Scientific Library | Fundamental Scientific Library | 11/04/2025 | Ալիգ 2 | Ժամ/2149 | Ժամ/106 | FL0691358 | 11/04/2025 | 11/04/2025 | Գրքեր / Books | ILL Non-Circ. |
ՀՀ Գիտությունների ազգային ակադեմիայի հիմնարար գիտական գրադարան = Fundamental Scientific Library of NAS RA
All site content, except where otherwise noted, is licensed under a